书目信息 |
| 题名: |
月儿高
|
|
| 作者: | 彭修文 改编 | |
| 分册: | ||
| 出版信息: | 北京 人民音乐出版社 1963.8 |
|
| 页数: | 38页 | |
| 开本: | 26cm | |
| 丛书名: | ||
| 单 册: | ||
| 中图分类: | J647.61 | |
| 科图分类: | ||
| 主题词: | 音乐--作品--中国 | |
| 电子资源: | ||
| ISBN: | ||
| 000 | 00532nam0 2200193 45 | |
| 001 | 0312221749 | |
| 005 | 20031222171153.2 | |
| 010 | @dCNY0.71 | |
| 100 | @a20031222d1963 km y0chiy0120 ea | |
| 101 | @achi | |
| 105 | @a z 000yy | |
| 200 | 1 | @a月儿高@AYue Er Gao@f彭修文改编@FPeng Xiu Wen Gai Bian@e民族管弦乐曲 |
| 210 | @a北京@c人民音乐出版社@d1963.8 | |
| 215 | @a38页@d26cm | |
| 606 | 0 | @a音乐@x作品@x中国 |
| 690 | @aJ647.61@v3 | |
| 701 | 0 | @a彭修文@4改编 |
| 801 | @aCN@bTSTCL@c20031222 | |
| 905 | @a213230@dJ647.61@e21@b74177@f1 | |
| 月儿高/彭修文改编:民族管弦乐曲.-北京:人民音乐出版社,1963.8 |
| 38页;26cm |
| ISBN :CNY0.71 |
| ● |
| 相关链接 |
|
|
|
|
正题名:月儿高
索取号:J647.61/21
 
预约/预借
| 序号 | 登录号 | 条形码 | 馆藏地/架位号 | 状态 | 备注 |
| 1 | 0074177 | 001203691 | 第一样本阅览室/ [索取号:J647.61/21] | 在馆 |